000 00316nam a22001337a 4500
003 OSt
005 20260601193902.0
008 260508b2009 it a|||| |||| 00| 0 eng d
040 _aICI
_bspa
_cICI
050 0 _aNK5430
_bS53 2004
245 _aPixAll
_bMosaic Collection
300 _a307 Páginas :
942 _2lcc
_cB
_n1
999 _c22264
_d22264